Responses for Show #5196 - Monday, March 26, 2007

Doug Hicton game 2.

Contestants

[<< previous game]

Ashley Tongret, a historic preservation officer from Fort Thomas, Kentucky

Tony Fernandez-Vinas, a human resources specialist from West Hollywood, California

Doug Hicton, a composer originally from Regina, Saskatchewan, Canada (whose 1-day cash winnings total $24,799)

[next game >>]

Jeopardy! Round responses

WORLD HISTORY
FUTURE TV LISTINGS?
A NUMBER FROM ONE TO 10
(Alex: Sounds easy, doesn't it?)
DOROTHY PARKER
LEMME SEE THOSE "LIP"s
KISS ME!
    $200 9
Khrushchev

Tony
    $200 20
24

Doug
    $200 8
(Doug: What is one?)

two

DougTony
    $200 2
swine

Ashley
    $200 7
(Tony: What is eclipse?)
(Alex: Be more specific.)
(Tony: What is, uh, solar eclipse?)
...
(Alex: [*], that's what we were going for.)

a total solar eclipse

DougTony
    $200 1
Jesus & Judas

Ashley
    $400 10
Columbus

Tony
    $400 21
ER

Ashley
    $400 16
(Doug: What is two?)

three

DougTony
    $400 3
a drink

Doug
    $400 26
a glass slipper

Doug
    $400 14
Sleeping Beauty

Doug
    $600 11
Zimbabwe

Ashley
    $600 22
Extreme Makeover: Home Edition

Ashley
    $600 17
six

Doug
    $600 4
(Calvin) Coolidge

Ashley
    $600 27
lip-syncing

Ashley
    $600 15
the Pope (Paul VI)

Doug
    $800 12
Mexico

Doug
    $800 23
Lost

Doug
    $800 18
three

Tony
    $800 5
plagiarism

Ashley
    $800 28
Philip

Doug
    $800 19
(Thomas) Edison

Doug
    $1000 13
the guillotine

Tony
    $1000 24
House(, M.D.)

Ashley
    $1000 25
five

Doug
    $1000 6
doubt

Doug
    $1000 30
(Doug: What's a centipede?)
...
(Alex: [*], yes. "L-I-P." "L-I-P.")

a millipede

DougAshley
    $3,000 29
(Doug: What is... uh, May 1945?)
(Alex: No. You had the year right, but the month was incorrect. That was celebration of V-J Day, Victory in Japan. That occurred in [*].)

August 1945

Doug

Scores at the first commercial break (after clue 15):

Doug Tony Ashley
$3,200 $1,600 $2,400

Scores at the end of the Jeopardy! Round:

Doug Tony Ashley
$3,400 $2,800 $6,000

Double Jeopardy! Round responses

WORLD CAPITALS
WHO CREATED THEM?
LET'S GET BIBLICAL
HERBS & SPICES
YOU'RE A SUPERHERO
"M"-BRACE ME
    $400 1
Seoul

Doug
    $400 26
Shakespeare

Ashley
    $400 18
Jericho

Ashley
    $400 13
oregano

Doug
    $400 3
Spider-Man

Ashley
    $400 11
Miami

Doug
    $800 2
Damascus

Ashley
    $800 27
(Tony: Who's Tolstoy?)

Dostoevsky

TonyAshley
    $800 19
cannibalism

Doug
    $800 14
sage

Ashley
    $800 4
The Fantastic Four

Ashley
    $800 12
Marquette

Doug
    $4,000 6
(Alex: Now, Tony, let me explain something to you. You have $4,000. If you make this a True Daily Double and respond correctly, you and Ashley are tied for the lead.)
(Tony: Let's go with a Daily Double.)
(Alex: All right. It's enticing, I know.)
...
(Alex: Worked out well for someone who is fluent in Spanish. Select again.)
(Tony: A little bit.)

Buenos Aires

Tony
    $1200 28
Ernest Hemingway

Triple Stumper
    $1200 20
Moses

Doug
    $1200 15
cilantro

Doug
    $1200 5
(Doug: What is Canuck?)

Captain Canada

DougTony
    $1200 23
a mosque

Doug
    $1600 7
Ankara

Doug
    $1600 29
Kurt Vonnegut

Doug
    $1600 21
Bathsheba

Doug
    $1600 16
poppy seeds

Doug
    $1600 9
Wonder Woman

Doug
    $1600 24
(Alex: [*], Mo., yes.)

Missouri

Doug
    $2000 8
(Alex: Yes, he was Norwegian.)

Oslo

Doug
    $2000 30
(Philip) Roth

Doug
    $2000 22
Elisha

Ashley
    $2000 17
anise

Ashley
    $2000 10
The Silver Surfer

Doug
    $5,000 25
the medfly

Doug

Scores at the end of the Double Jeopardy! Round:

Doug Tony Ashley
$29,200 $7,200 $14,400
(lock game)

[wagering suggestions for these scores]

Final Jeopardy! Round responses

U.S. CONGRESS
(Alex: [*] has one representative in Congress, and hence, the whole state is the congressional district.)
TonyWhat is Alaska?
$7,200
AshleyWhat is Alaska
$0
DougWhat is Alaska?
$100
Alaska

Final scores:

Doug Tony Ashley
$29,300 $14,400 $14,400
2-day champion: $54,099 3rd place: $1,000 2nd place: $2,000

Game dynamics:

Coryat scores:

Doug Tony Ashley
$29,200 $4,400 $14,400
31 R
(including 1 DD),
5 W
(including 1 DD)
8 R
(including 1 DD),
2 W
19 R,
0 W

Combined Coryat: $48,000

[game clues] [game scores] [suggest correction]

Game tape date: 2007-01-23
The J! Archive is created by fans, for fans. Scraping, republication, monetization, and malicious use prohibited; this site may use cookies and collect identifying information. See terms. The Jeopardy! game show and all elements thereof, including but not limited to copyright and trademark thereto, are the property of Jeopardy Productions, Inc. and are protected under law. This website is not affiliated with, sponsored by, or operated by Jeopardy Productions, Inc. Join the discussion at JBoard.tv.